[Event "39th Olympiad Women"]
[Site "Khanty-Mansiysk RUS"]
[Date "2010.09.24"]
[Round "4"]
[White "Mucha, Annegret"]
[Black "Sahl, Sheila Barth"]
[Result "0-1"]
[WhiteTitle "WCM"]
[BlackTitle "WIM"]
[WhiteElo "2005"]
[BlackElo "2175"]
[Board "31.2"]
[WhiteTeam "ISCA"]
[BlackTeam "NOR"]
[WhiteFideId "24622788"]
[BlackFideId "1500953"]
[EventDate "2010.09.21"]
[EventType "team"]

1. e4 c5 2. Nc3 d6 3. g3 g6 4. Bg2 Bg7 5. f4 Nc6 6. Nf3 Rb8 7. O-O b5 8. d3 b4
9. Ne2 Qb6 10. Kh1 e6 11. g4 Nge7 12. Ng3 O-O 13. f5 f6 14. Be3 Nd4 15. Qd2 Nxf3
16. Bxf3 Nc6 17. g5 fxg5 18. Bxg5 Bxb2 19. Rab1 Bg7 20. Bh6 Qc7 21. Bg4 exf5 22.
exf5 Ne5 23. Bh3 Bb7+ 24. Ne4 Bxh6 25. Qxh6 Qg7 26. Qd2 Kh8 27. Rf2 c4 28. Rxb4
a5 29. Rxb7 Qxb7 30. Bg2 cxd3 31. cxd3 Qb1+ 32. Rf1 Qxd3 33. Qxd3 Nxd3 34. Rd1
gxf5 35. Rxd3 Rb1+ 0-1

[Event "39th Olympiad Women"]
[Site "Khanty-Mansiysk RUS"]
[Date "2010.09.24"]
[Round "4"]
[White "Reppen, Ellisiv"]
[Black "Ryvova, Anna"]
[Result "1-0"]
[BlackTitle "WFM"]
[WhiteElo "1954"]
[BlackElo "1981"]
[Board "31.3"]
[WhiteTeam "NOR"]
[BlackTeam "ISCA"]
[WhiteFideId "1504959"]
[BlackFideId "309931"]
[EventDate "2010.09.21"]
[EventType "team"]

1. e4 e5 2. Nf3 Nf6 3. Nxe5 d6 4. Nf3 Nxe4 5. d4 d5 6. Bd3 Be7 7. O-O O-O 8. Bf4
Bg4 9. Nbd2 Nxd2 10. Bxd2 c6 11. Bf4 Nd7 12. c3 Nf6 13. Re1 h6 14. h3 Be6 15.
Qc2 Bd6 16. Ne5 Qc7 17. Re2 Rae8 18. Rae1 Bc8 19. Qc1 h5 20. Bh6 Nh7 21. Bxh7+
Kxh7 22. Bxg7 Kxg7 23. Qg5+ Kh7 24. Qxh5+ Kg7 25. Qg5+ Kh7 26. Ng4 Re6 27. Nf6+
Rxf6 28. Qxf6 Be6 29. Re5 Bxe5 30. Rxe5 Qxe5 31. Qxe5 Rg8 32. Kh2 Rc8 33. f4 c5
34. dxc5 Rxc5 35. f5 Bc8 36. Qe7 Kg7 37. Qxc5 1-0

[Event "39th Olympiad Women"]
[Site "Khanty-Mansiysk RUS"]
[Date "2010.09.24"]
[Round "4"]
[White "Myronenko, Natalya"]
[Black "Khachatourian, Yerazik"]
[Result "1/2-1/2"]
[WhiteElo "1945"]
[BlackElo "2025"]
[Board "31.4"]
[WhiteTeam "ISCA"]
[BlackTeam "NOR"]
[WhiteFideId "14124530"]
[BlackFideId "12501948"]
[EventDate "2010.09.21"]
[EventType "team"]

1. e4 e5 2. Bc4 Nf6 3. d3 Nc6 4. Nf3 Bc5 5. O-O d6 6. c3 a6 7. Bb3 Ba7 8. Re1
O-O 9. Nbd2 Ng4 10. Re2 Kh8 11. h3 Nh6 12. Nf1 f5 13. Bg5 Qe8 14. exf5 Bxf5 15.
Nh4 Qd7 16. Nxf5 Nxf5 17. Ne3 Nce7 18. Qd2 h6 19. Nxf5 Nxf5 20. Be3 Bxe3 21.
fxe3 Ng3 22. Rf2 e4 23. dxe4 Nxe4 24. Rxf8+ Rxf8 25. Qd5 Qf5 26. Qxf5 Rxf5 27.
Bc2 Re5 28. Rf1 Nf6 29. Rf3 Kg8 30. Kf2 Kf8 31. Rf5 Re8 32. Ba4 c6 33. Bd1 Ke7
34. Bf3 g6 35. Rf4 Ke6 36. Rb4 Re7 37. Rd4 Rd7 38. Bg4+ Nxg4+ 39. Rxg4 1/2-1/2

[Event "39th Olympiad Women"]
[Site "Khanty-Mansiysk RUS"]
[Date "2010.09.24"]
[Round "4"]
[White "Smith, Olivia"]
[Black "Alattar, Ghayda M."]
[Result "1/2-1/2"]
[WhiteTitle "WFM"]
[BlackTitle "WFM"]
[WhiteElo "2002"]
[BlackElo "1891"]
[Board "32.1"]
[WhiteTeam "WLS"]
[BlackTeam "JOR"]
[WhiteFideId "411850"]
[BlackFideId "8101531"]
[EventDate "2010.09.21"]
[EventType "team"]

1. e4 e6 2. d4 d5 3. exd5 exd5 4. Nf3 Nc6 5. c3 Bd6 6. Bd3 Nge7 7. O-O Bg4 8.
Nbd2 Qd7 9. Re1 O-O 10. Qc2 h6 11. Ne5 Bxe5 12. dxe5 Rad8 13. Nb3 d4 14. Nc5 Qc8
15. f3 Be6 16. f4 dxc3 17. bxc3 Na5 18. Nxe6 fxe6 19. Ba3 c5 20. g3 Qc7 21. Rab1
b6 22. Qe2 Nd5 23. Qe4 Rf5 24. Rbc1 Qf7 25. Rf1 Qh5 26. Kg2 Rdf8 27. c4 Ne7 28.
Be2 Qe8 29. Bg4 h5 30. Bxf5 Nxf5 31. Bb2 Qg6 32. Rfe1 h4 33. Rc3 Rd8 34. Qe2 Nc6
35. Ra3 Nb4 36. Rd1 Rxd1 37. Qxd1 hxg3 38. hxg3 Nc2 39. Qd8+ Kh7 40. Rb3 Nce3+
41. Rxe3 Nxe3+ 42. Kf3 Nxc4 43. Qh4+ Qh6 44. Qxh6+ Kxh6 45. Bc1 Kg6 46. Ke4 b5
47. g4 a5 48. f5+ Kf7 49. g5 exf5+ 50. Kd5 g6 51. Bf4 a4 52. Kxc5 Ke6 53. Kd4 a3
54. Bh2 Nb6 55. Bf4 Nd5 56. Bc1 b4 57. Kc4 Kxe5 58. Bd2 b3 59. Kxb3 f4 60. Kxa3
f3 61. Be1 Kf5 62. Kb3 Kxg5 63. a4 Kf4 64. a5 g5 65. a6 Nc7 66. a7 Ke3 67. Kc4
f2 68. Bxf2+ Kxf2 69. Kc5 Na8 70. Kc6 g4 71. Kb7 1/2-1/2

[Event "39th Olympiad Women"]
[Site "Khanty-Mansiysk RUS"]
[Date "2010.09.24"]
[Round "4"]
[White "Dahdal, Lougain"]
[Black "Roberts, Lynda"]
[Result "1/2-1/2"]
[WhiteElo "1885"]
[BlackElo "1999"]
[Board "32.2"]
[WhiteTeam "JOR"]
[BlackTeam "WLS"]
[WhiteFideId "8102880"]
[BlackFideId "1800191"]
[EventDate "2010.09.21"]
[EventType "team"]

1. d4 f5 2. Nc3 Nf6 3. Bg5 e6 4. e4 h6 5. Bxf6 Qxf6 6. Nf3 Bb4 7. exf5 exf5 8.
Qd2 O-O 9. Bc4+ Kh8 10. O-O d6 11. Nd5 Bxd2 12. Nxf6 Rxf6 13. Nxd2 Nc6 14. c3
Bd7 15. Rfe1 g5 16. Re2 1/2-1/2

[Event "39th Olympiad Women"]
[Site "Khanty-Mansiysk RUS"]
[Date "2010.09.24"]
[Round "4"]
[White "Wilson, Julie"]
[Black "Boshra, Alshaeby"]
[Result "1-0"]
[WhiteElo "1893"]
[BlackElo "1798"]
[Board "32.3"]
[WhiteTeam "WLS"]
[BlackTeam "JOR"]
[WhiteFideId "1800876"]
[BlackFideId "8102937"]
[EventDate "2010.09.21"]
[EventType "team"]

1. d4 Nf6 2. c4 c5 3. d5 d6 4. Nc3 g6 5. e4 Bg7 6. Nge2 O-O 7. Ng3 e6 8. Be2 Re8
9. O-O exd5 10. cxd5 a6 11. Bg5 b5 12. Bd3 Qb6 13. Kh1 Nbd7 14. Rb1 h5 15. h3
Ne5 16. Bc2 a5 17. f4 Nc4 18. Qd3 Nh7 19. Bh4 a4 20. Nxa4 bxa4 21. e5 Ba6 22. e6
fxe6 23. Qxg6 Nf8 24. Qg5 Qb7 25. Nxh5 Nd2 26. Nf6+ Kf7 27. Qh5+ Ke7 28. Nxe8+
Kd7 29. Qf7+ Kc8 30. Qf6 1-0

[Event "39th Olympiad Women"]
[Site "Khanty-Mansiysk RUS"]
[Date "2010.09.24"]
[Round "4"]
[White "Naipal, Victoria"]
[Black "Samaganova, Alexandra"]
[Result "0-1"]
[WhiteTitle "WFM"]
[WhiteElo "1845"]
[BlackElo "2080"]
[Board "33.1"]
[WhiteTeam "SUR"]
[BlackTeam "KGZ"]
[WhiteFideId "8200149"]
[BlackFideId "13800221"]
[EventDate "2010.09.21"]
[EventType "team"]

1. d4 Nf6 2. c4 e6 3. Nf3 b6 4. g3 Bb7 5. Bg2 Be7 6. Nc3 d6 7. O-O Nbd7 8. Qc2
c5 9. e4 cxd4 10. Nxd4 Rc8 11. b3 Qc7 12. Ndb5 Qb8 13. f4 a6 14. Nd4 O-O 15. Re1
Rfd8 16. Bb2 Ba8 17. Qf2 Qa7 18. Re2 Bf8 19. Rf1 Qc7 20. h3 Nc5 21. Qe3 e5 22.
Nc2 Re8 23. Nb4 exf4 24. Qxf4 Ne6 25. Qd2 Qc5+ 26. Ref2 Qxb4 27. Qe2 Qa5 28. Nd5
Nxd5 29. exd5 Nc5 30. Qf3 Rc7 31. a3 Nb7 32. Qd3 Nc5 33. Qf3 Nb7 34. Qd3 Nc5 35.
Qf3 Ne4 36. Re2 Nd2 37. Qd3 Rxe2 38. Qxe2 Nxf1 39. Qd1 Qd2 40. Qxf1 Qxb2 0-1

[Event "39th Olympiad Women"]
[Site "Khanty-Mansiysk RUS"]
[Date "2010.09.24"]
[Round "4"]
[White "Dos Ramos, Rosangela"]
[Black "Tilenbaev, Baktygul"]
[Result "0-1"]
[WhiteElo "1733"]
[BlackElo "1944"]
[Board "33.3"]
[WhiteTeam "SUR"]
[BlackTeam "KGZ"]
[WhiteFideId "8200521"]
[BlackFideId "13800639"]
[EventDate "2010.09.21"]
[EventType "team"]

1. e4 e5 2. Nf3 Nc6 3. Bc4 Bc5 4. c3 Nf6 5. d3 d6 6. Bb3 Be6 7. Bc2 Bb6 8. O-O
Bg4 9. h3 Bh5 10. Nbd2 Qd7 11. Re1 g5 12. Nc4 g4 13. Nxb6 axb6 14. hxg4 Bxg4 15.
Kf1 b5 16. Bg5 Nh5 17. Qd2 f6 18. Bh6 Rg8 19. a3 Rg6 20. Nh4 Rg8 21. Bd1 O-O-O
22. a4 b4 23. a5 bxc3 24. bxc3 Nb8 25. Bb3 Be6 26. Bxe6 Qxe6 27. Qe2 Rg4 28. Nf5
Rdg8 29. g3 Nf4 30. Qf3 Nh5 31. Be3 Nc6 32. a6 bxa6 33. Rxa6 Kd7 34. Raa1 Ne7
35. Ke2 Nxf5 36. Qxf5 Qxf5 37. exf5 Ng7 38. Rh1 h5 39. Ra7 Rh8 40. Bb6 Ne8 41.
Ba5 Rg5 42. Rh4 Rxf5 43. Rc4 Ke6 44. Bxc7 Nxc7 45. Raxc7 Ra8 46. f4 Ra2+ 47. Ke3
Rh2 48. fxe5 fxe5 49. Rh7 Rhf2 0-1

[Event "39th Olympiad Women"]
[Site "Khanty-Mansiysk RUS"]
[Date "2010.09.24"]
[Round "4"]
[White "Elgohary, Myada"]
[Black "Milligan, Helen"]
[Result "0-1"]
[BlackTitle "WFM"]
[WhiteElo "1751"]
[BlackElo "2033"]
[Board "34.1"]
[WhiteTeam "EGY"]
[BlackTeam "NZL"]
[WhiteFideId "10605355"]
[BlackFideId "2401312"]
[EventDate "2010.09.21"]
[EventType "team"]

1. e4 e5 2. Nf3 Nc6 3. d4 exd4 4. Bc4 Nf6 5. O-O Be7 6. e5 Ne4 7. Re1 Nc5 8.
Nxd4 Nxd4 9. Qxd4 O-O 10. Nc3 d6 11. Nd5 Ne6 12. Qe4 c6 13. Nxe7+ Qxe7 14. Bd3
g6 15. Bh6 Rd8 16. exd6 Qxd6 17. Rad1 Qd4 18. Qf3 Qh4 19. Bc4 Rxd1 20. Rxd1 Qxh6
21. Qf6 Qg7 22. Qe7 Qf8 23. Qf6 Qe8 24. f4 b5 25. Bb3 Bb7 26. g4 c5 27. Bd5 Rd8
28. Qe5 Rxd5 29. Rxd5 Bxd5 30. f5 Nc7 31. Qg3 Qe4 32. f6 Qd4+ 33. Qf2 Qxf2+ 34.
Kxf2 Kf8 35. Ke3 Ke8 36. Kf4 Ne6+ 37. Ke5 Bxa2 38. h4 Kd7 39. g5 a5 40. b3 Kc6
41. h5 a4 42. hxg6 hxg6 43. bxa4 bxa4 44. Ke4 a3 45. Kd3 Nxg5 46. c3 Nh7 47. Kc2
Nxf6 48. Kc1 g5 0-1

[Event "39th Olympiad Women"]
[Site "Khanty-Mansiysk RUS"]
[Date "2010.09.24"]
[Round "4"]
[White "Maroroa, Sue"]
[Black "Elansary, Eman"]
[Result "1-0"]
[WhiteTitle "WIM"]
[WhiteElo "1981"]
[BlackElo "1836"]
[Board "34.2"]
[WhiteTeam "NZL"]
[BlackTeam "EGY"]
[WhiteFideId "4301498"]
[BlackFideId "10606700"]
[EventDate "2010.09.21"]
[EventType "team"]

1. e4 e5 2. Nf3 Nf6 3. Nxe5 d6 4. Nf3 Nxe4 5. c4 Be7 6. Nc3 Nxc3 7. dxc3 O-O 8.
Bd3 Nc6 9. Be3 Be6 10. Qc2 h6 11. O-O-O Qc8 12. h3 Ne5 13. Nxe5 dxe5 14. f4 exf4
15. Bxf4 a5 16. Rhe1 Kh8 17. Qe2 Bd6 18. Bxd6 cxd6 19. Qe4 g6 20. Qd4+ Kh7 21.
Qf6 Rg8 22. h4 Qd8 23. Qf4 h5 24. Be4 Qc7 25. Bd5 Bg4 26. Rd4 Kg7 27. Rde4 Rgf8
28. Re7 Qd8 29. Rxf7+ Rxf7 30. Qxf7+ Kh6 31. Re7 Qh8 32. Qf4+ 1-0

[Event "39th Olympiad Women"]
[Site "Khanty-Mansiysk RUS"]
[Date "2010.09.24"]
[Round "4"]
[White "Mona, Khaled"]
[Black "Chen, Eachen"]
[Result "1-0"]
[WhiteTitle "WGM"]
[BlackTitle "WCM"]
[WhiteElo "2103"]
[BlackElo "1966"]
[Board "34.3"]
[WhiteTeam "EGY"]
[BlackTeam "NZL"]
[WhiteFideId "10605908"]
[BlackFideId "4301919"]
[EventDate "2010.09.21"]
[EventType "team"]

1. d4 d5 2. Nf3 Nf6 3. e3 e6 4. Bd3 c5 5. c3 Bd6 6. Ne5 Nbd7 7. f4 Qe7 8. Nd2
O-O 9. O-O Re8 10. Rf3 Nf8 11. Rh3 Ng6 12. g4 cxd4 13. g5 Bxe5 14. fxe5 Ne4 15.
Bxe4 dxe4 16. Nxe4 dxc3 17. Qh5 Qb4 18. bxc3 1-0

[Event "39th Olympiad Women"]
[Site "Khanty-Mansiysk RUS"]
[Date "2010.09.24"]
[Round "4"]
[White "Fairley, Natasha"]
[Black "Basta-Sohair, F."]
[Result "1/2-1/2"]
[WhiteTitle "WFM"]
[BlackTitle "WIM"]
[WhiteElo "1777"]
[BlackElo "2030"]
[Board "34.4"]
[WhiteTeam "NZL"]
[BlackTeam "EGY"]
[WhiteFideId "4301439"]
[BlackFideId "10600175"]
[EventDate "2010.09.21"]
[EventType "team"]

1. e4 c5 2. c3 d5 3. exd5 Qxd5 4. d4 Nc6 5. Nf3 cxd4 6. cxd4 e5 7. Nc3 Bb4 8.
Bd2 Bxc3 9. Bxc3 e4 10. Ne5 Nxe5 11. dxe5 Ne7 12. Qxd5 Nxd5 13. Bb5+ Bd7 14.
Bxd7+ Kxd7 15. Bd4 Rhc8 16. O-O Rc4 17. Rad1 Ke6 18. Rfe1 f5 19. exf6 Nxf6 20.
a3 b6 21. b3 Rc7 22. Bxf6 Kxf6 23. Rxe4 Rac8 24. g3 Rc3 25. Rb1 R8c7 26. a4 Kf5
27. Ree1 Rc2 28. Re3 Kg4 29. Rbe1 Kf5 30. Re5+ Kf6 31. Re6+ Kf7 32. Kg2 R2c3 33.
R6e3 Rc2 34. h4 h6 35. R1e2 R2c6 36. f4 Rd6 37. Kf3 Rcd7 38. g4 Rd4 39. g5 h5
40. Rg2 g6 41. Rge2 Rb4 42. Kg3 Rbd4 43. Kf3 1/2-1/2

[Event "39th Olympiad Women"]
[Site "Khanty-Mansiysk RUS"]
[Date "2010.09.24"]
[Round "4"]
[White "Hernandez Guerrero, Yadira"]
[Black "Lang, Heather"]
[Result "1-0"]
[WhiteTitle "WIM"]
[WhiteElo "2160"]
[BlackElo "2025"]
[Board "35.1"]
[WhiteTeam "MEX"]
[BlackTeam "SCO"]
[WhiteFideId "5100992"]
[BlackFideId "2400979"]
[EventDate "2010.09.21"]
[EventType "team"]

1. d4 f5 2. Nf3 Nf6 3. c4 g6 4. Nc3 d6 5. g3 Bg7 6. Bg2 O-O 7. O-O Qe8 8. d5 Na6
9. Nd4 Bd7 10. Rb1 c6 11. dxc6 bxc6 12. b4 Nxb4 13. Rxb4 c5 14. Nxf5 cxb4 15.
Nxg7 Kxg7 16. Bxa8 Qxa8 17. Nd5 Bh3 18. Re1 Qc6 19. Qd4 h5 20. Qh4 Be6 21. Nxe7
Qxc4 22. Qg5 Qg4 23. Qh6+ Kf7 24. Bf4 Kxe7 25. Bxd6+ Kxd6 26. Qxf8+ Kc7 27. Rc1+
Kb7 28. Qxf6 Bxa2 29. Qc6+ Kb8 30. Qc7+ Ka8 31. Qd8+ Kb7 32. Rc7+ Ka6 33. Qd6+
Ka5 34. Rxa7+ Kb5 35. Qa6+ Kc5 36. Qxa2 b3 37. Qxb3 Qxe2 38. Ra5+ 1-0

[Event "39th Olympiad Women"]
[Site "Khanty-Mansiysk RUS"]
[Date "2010.09.24"]
[Round "4"]
[White "Rutherford, Elaine"]
[Black "Mendoza Velazquez, Lorena Alejan"]
[Result "1-0"]
[WhiteTitle "WFM"]
[BlackTitle "WIM"]
[WhiteElo "2080"]
[BlackElo "2038"]
[Board "35.2"]
[WhiteTeam "SCO"]
[BlackTeam "MEX"]
[WhiteFideId "2401428"]
[BlackFideId "5101794"]
[EventDate "2010.09.21"]
[EventType "team"]

1. e4 c5 2. Nc3 g6 3. f4 Bg7 4. Nf3 Nc6 5. Bb5 Nd4 6. Bc4 d6 7. O-O e6 8. d3 Ne7
9. Nxd4 cxd4 10. Ne2 O-O 11. Kh1 b6 12. Bb3 Qd7 13. Qe1 Bb7 14. Qf2 Nc6 15. f5
exf5 16. exf5 Qxf5 17. Qxf5 gxf5 18. Bd5 Rfe8 19. Ng3 Na5 20. Bxb7 Nxb7 21. Bd2
Rac8 22. Rac1 Re5 23. Nxf5 Re2 24. Rce1 Rce8 25. Ng3 Rxe1 26. Rxe1 Be5 27. Nf5
Re6 28. Bg5 Na5 29. Rf1 f6 30. Bh4 Kf7 31. Re1 Nc6 32. Bf2 Nb4 33. g4 Nxc2 34.
Rc1 Nb4 35. Rc7+ Kf8 36. Nxd4 Bxd4 37. Bxd4 Nxd3 38. Rxa7 Nf4 39. h4 h5 40. gxh5
Nxh5 41. a4 Re4 42. Bxb6 Rxh4+ 43. Kg2 Rb4 44. a5 Nf4+ 45. Kf3 Nd5 46. Bf2 Ke8
47. a6 Kd8 48. Rh7 Rb8 49. a7 1-0

[Event "39th Olympiad Women"]
[Site "Khanty-Mansiysk RUS"]
[Date "2010.09.24"]
[Round "4"]
[White "Bezgodova, Maria"]
[Black "Zykina, Nadezhda"]
[Result "0-1"]
[WhiteTitle "WFM"]
[BlackTitle "WFM"]
[WhiteElo "2170"]
[BlackElo "2103"]
[Board "36.2"]
[WhiteTeam "RUS3"]
[BlackTeam "IPCA"]
[WhiteFideId "24111260"]
[BlackFideId "24150789"]
[EventDate "2010.09.21"]
[EventType "team"]

1. e4 e5 2. Nf3 d6 3. d4 Nd7 4. Nc3 c6 5. Bc4 h6 6. a4 Ngf6 7. h3 Qc7 8. Be3 Be7
9. O-O g5 10. Nh2 Nf8 11. Re1 Ng6 12. Qd2 Nh5 13. Ne2 Nhf4 14. Qc3 Rg8 15. Ng4
Bxg4 16. hxg4 Nh4 17. dxe5 dxe5 18. Qb3 Rg7 19. Ng3 Nfxg2 20. Nh5 Nxe1 21. Nxg7+
Kf8 22. Nh5 Nef3+ 23. Kf1 Qd7 24. Ng3 Qxg4 25. Qxb7 Rd8 26. Bd3 Nh2+ 27. Ke1
Ng2+ 28. Kd2 Nf3+ 29. Ke2 Nd4+ 30. Kd2 Nxe3 31. fxe3 Nf3+ 32. Kc3 Qxg3 33. Qxc6
Qh3 34. Bc4 Nd2 35. b3 Nxc4 36. bxc4 Qxe3+ 0-1

[Event "39th Olympiad Women"]
[Site "Khanty-Mansiysk RUS"]
[Date "2010.09.24"]
[Round "4"]
[White "Melnik, Galina"]
[Black "Bezgodova, Svetlana"]
[Result "0-1"]
[WhiteTitle "WFM"]
[WhiteElo "1994"]
[BlackElo "2120"]
[Board "36.3"]
[WhiteTeam "IPCA"]
[BlackTeam "RUS3"]
[WhiteFideId "4121929"]
[BlackFideId "4110650"]
[EventDate "2010.09.21"]
[EventType "team"]

1. d4 Nf6 2. Nf3 c6 3. c4 d6 4. Nc3 Nbd7 5. e4 e5 6. Be2 Be7 7. Qc2 O-O 8. O-O
Re8 9. h3 a6 10. Rd1 Bf8 11. a4 a5 12. Be3 exd4 13. Nxd4 Qc7 14. Nf5 Nc5 15. Ng3
Be6 16. Bd4 Nfd7 17. f4 Nb8 18. Bxc5 dxc5 19. e5 Na6 20. Nce4 Nb4 21. Qb1 Rad8
22. Ng5 Rxd1+ 23. Bxd1 g6 24. Nxe6 fxe6 25. Ne4 Rd8 26. Bg4 Qf7 27. Qf1 Be7 28.
Rd1 Rd4 29. Rxd4 cxd4 30. c5 h5 31. Bd1 Nd5 32. Bb3 Qxf4 33. Bxd5 Qxe5 34. Bxe6+
Qxe6 35. Qd3 Qd5 36. Nd6 Kg7 37. Nxb7 Qe5 38. Nxa5 Qe1+ 39. Kh2 Qxa5 40. Qxd4+
Kh7 41. b4 Qc7+ 42. Kh1 Bf8 43. Qc4 Qe5 44. Qf7+ Bg7 45. Qf1 Qd4 46. Qe1 Be5 47.
g3 Qd5+ 48. Kh2 h4 0-1

[Event "39th Olympiad Women"]
[Site "Khanty-Mansiysk RUS"]
[Date "2010.09.24"]
[Round "4"]
[White "Yakupova, Aysyla"]
[Black "Kurochkina, Elena"]
[Result "1-0"]
[WhiteElo "2117"]
[BlackElo "1821"]
[Board "36.4"]
[WhiteTeam "RUS3"]
[BlackTeam "IPCA"]
[WhiteFideId "4197569"]
[BlackFideId "24145890"]
[EventDate "2010.09.21"]
[EventType "team"]

1. e4 e6 2. d4 d5 3. Nd2 Nf6 4. e5 Nfd7 5. f4 c5 6. c3 Nc6 7. Ndf3 Qb6 8. a3 c4
9. Qc2 Be7 10. h4 f6 11. Nh3 Na5 12. Be3 Qc7 13. g3 Nb6 14. Bg2 Bd7 15. O-O
O-O-O 16. Qe2 Rde8 17. g4 Bd8 18. Qf2 Ref8 19. Qg3 Na4 20. Rab1 Nb6 21. Qf2 Be8
22. h5 h6 23. Nh4 Rhg8 24. Ng6 Bxg6 25. hxg6 Qe7 26. Qc2 f5 27. gxf5 Rxf5 28.
Bf3 Qh4 29. Qg2 Rgf8 30. Bg4 Na8 31. Bxf5 Rxf5 32. Nf2 Nc7 33. Nh1 Nb3 34. Ng3
Rf8 35. f5 Qg4 36. fxe6 Nxe6 37. Nf5 Qxg2+ 38. Kxg2 Kd7 39. Nxg7 1-0

[Event "39th Olympiad Women"]
[Site "Khanty-Mansiysk RUS"]
[Date "2010.09.24"]
[Round "4"]
[White "Latreche, Sabrina"]
[Black "Taweesupmun, Chanida"]
[Result "1-0"]
[WhiteTitle "WFM"]
[WhiteElo "1951"]
[BlackElo "1904"]
[Board "37.1"]
[WhiteTeam "ALG"]
[BlackTeam "THA"]
[WhiteFideId "7901798"]
[BlackFideId "6200117"]
[EventDate "2010.09.21"]
[EventType "team"]

1. e4 e5 2. Nf3 Nc6 3. Bc4 Bc5 4. c3 Bb6 5. d3 h6 6. Nbd2 Nf6 7. Bb3 d6 8. h3 a6
9. O-O Ba7 10. Re1 O-O 11. Nf1 Be6 12. Ng3 Ne7 13. Nh4 Kh7 14. Bc2 Nfg8 15. Be3
Ng6 16. Nhf5 Nf4 17. Bxf4 exf4 18. Ne2 f3 19. Neg3 fxg2 20. Kxg2 g6 21. Nd4 Bd7
22. Nf3 Qf6 23. d4 Qe6 24. Rh1 Rad8 25. Qe2 Kg7 26. Bb3 Qe7 27. Rae1 Rde8 28.
Qd2 c5 29. d5 b5 30. Bc2 c4 31. a3 f6 32. Qf4 Bc5 33. h4 h5 34. Nf1 Bg4 35. N1h2
Nh6 36. Bd1 Qd7 37. Rhg1 Bh3+ 38. Kh1 Bxf2 39. Nd4 Bxe1 40. Bxh5 Ng4 41. Nxg4
Bxh4 42. Qh6+ Kg8 43. Ne5 Bg5 44. Rxg5 fxg5 45. Nxd7 Bxd7 46. Bxg6 Re7 47. Nf5
Bxf5 48. exf5 g4 49. Qg5 Re1+ 50. Kg2 Re2+ 51. Kg3 Rxb2 52. Bh5+ Kh8 53. f6 1-0

[Event "39th Olympiad Women"]
[Site "Khanty-Mansiysk RUS"]
[Date "2010.09.24"]
[Round "4"]
[White "Adames Rojas, Ariella"]
[Black "Shabanaj, Eglantina"]
[Result "0-1"]
[WhiteElo "1899"]
[BlackElo "2070"]
[Board "38.1"]
[WhiteTeam "DOM"]
[BlackTeam "ALB"]
[WhiteFideId "6400477"]
[BlackFideId "4700562"]
[EventDate "2010.09.21"]
[EventType "team"]

1. d4 Nf6 2. c4 g6 3. Nc3 Bg7 4. e4 d6 5. f3 O-O 6. Bd3 e5 7. d5 Nh5 8. Nge2 f5
9. Be3 Na6 10. Qd2 Nc5 11. Bc2 a5 12. O-O-O Bd7 13. Rhf1 a4 14. Bh6 f4 15. Bxg7
Kxg7 16. g3 Qe8 17. gxf4 Nxf4 18. Nxf4 Rxf4 19. Ne2 Rh4 20. Rf2 b5 21. cxb5 Bxb5
22. f4 Bxe2 23. Qxe2 exf4 24. Rdf1 Qe5 25. Qd2 Rb8 26. Rxf4 Rxf4 27. Qxf4 Qxb2+
28. Kd1 Qd4+ 29. Kc1 Qe5 30. Qxe5+ dxe5 31. a3 Nb3+ 32. Kd1 Nd4 33. Rf2 Rb2 34.
Kc1 Ra2 35. Kb1 Rxa3 36. Kb2 Re3 37. Bxa4 Rxe4 38. Be8 Re2+ 39. Rxe2 Nxe2 40.
Kb3 Kf8 41. Bd7 Ke7 42. Bc8 Kd6 43. Kc4 Nf4 44. Bb7 h5 45. Bc6 g5 46. Be8 h4 47.
Ba4 Nxd5 48. Kd3 e4+ 49. Kd2 c5 50. Bb3 Ke5 51. Ke2 Kd4 0-1

[Event "39th Olympiad Women"]
[Site "Khanty-Mansiysk RUS"]
[Date "2010.09.24"]
[Round "4"]
[White "Shabanaj, Alda"]
[Black "Perez, Eneida"]
[Result "0-1"]
[BlackTitle "WFM"]
[WhiteElo "1926"]
[BlackElo "2099"]
[Board "38.2"]
[WhiteTeam "ALB"]
[BlackTeam "DOM"]
[WhiteFideId "4700597"]
[BlackFideId "602795"]
[EventDate "2010.09.21"]
[EventType "team"]

1. d4 d5 2. c4 e6 3. Nf3 c6 4. cxd5 exd5 5. g3 f5 6. Bg2 Nf6 7. Bg5 Bd6 8. O-O
O-O 9. Nc3 Qe8 10. Bxf6 Rxf6 11. a3 Nd7 12. b4 Rh6 13. b5 Nf6 14. bxc6 bxc6 15.
e3 Ne4 16. Qc2 Bd7 17. Rfc1 Qe7 18. Qa2 Kh8 19. Nd2 Re8 20. Nf1 g5 21. Nxe4 fxe4
22. a4 a5 23. Qe2 Bb4 24. Rc2 g4 25. Raa2 Rf8 26. Qd1 Rhf6 27. Qc1 h5 28. Qd1
Kg7 29. Bh1 Qe8 30. h4 gxh3 31. Nh2 Qg6 32. f3 Kh6 33. g4 exf3 34. Bxf3 Bd6 35.
Be2 Bxh2+ 36. Kxh2 hxg4 37. Kg3 Qg5 38. Ra3 Rf2 39. Bf1 Rxf1 0-1

[Event "39th Olympiad Women"]
[Site "Khanty-Mansiysk RUS"]
[Date "2010.09.24"]
[Round "4"]
[White "Jose Polanco, Kenia"]
[Black "Cimaj, Rozana"]
[Result "0-1"]
[WhiteElo "1997"]
[BlackElo "1972"]
[Board "38.3"]
[WhiteTeam "DOM"]
[BlackTeam "ALB"]
[WhiteFideId "6401074"]
[BlackFideId "4700147"]
[EventDate "2010.09.21"]
[EventType "team"]

1. d4 Nf6 2. c3 e6 3. Bg5 Be7 4. Nf3 b6 5. e3 Bb7 6. Nbd2 d6 7. Bd3 Nbd7 8. Qe2
O-O 9. e4 e5 10. dxe5 dxe5 11. Nc4 Nc5 12. Rd1 Qe8 13. Nfxe5 Nfxe4 14. Be3 Nxd3+
15. Rxd3 Bd6 16. Nf3 Ba6 17. b3 Bxc4 18. bxc4 Qe6 19. Nd2 Rfe8 20. O-O Nxc3 21.
Qh5 Nxa2 22. Nf3 Qg6 23. Qxg6 hxg6 24. Nd4 Nb4 25. Rb3 a5 26. Nb5 Rad8 27. Rd1
Bf4 28. Rxd8 Rxd8 29. g3 Bxe3 30. Rxe3 Na6 31. Re7 Kf8 32. Re4 c6 33. Nc3 Nc5
34. Rh4 Ke7 35. Kf1 a4 36. Ke1 Nd3+ 37. Kf1 Nc5 38. Ke2 a3 39. Na2 Ke6 40. Nb4
g5 41. Rg4 f6 42. h4 Kf5 43. f3 Nb3 44. Ke3 Rd2 45. Re4 a2 46. g4+ Kg6 47. Nxa2
Rxa2 48. hxg5 Kxg5 49. Re6 Na5 0-1

[Event "39th Olympiad Women"]
[Site "Khanty-Mansiysk RUS"]
[Date "2010.09.24"]
[Round "4"]
[White "Pasku, Roela"]
[Black "Munoz, Doribel"]
[Result "1-0"]
[WhiteTitle "WCM"]
[WhiteElo "1912"]
[BlackElo "1931"]
[Board "38.4"]
[WhiteTeam "ALB"]
[BlackTeam "DOM"]
[WhiteFideId "4700708"]
[BlackFideId "6400574"]
[EventDate "2010.09.21"]
[EventType "team"]

1. d4 d5 2. c4 Nf6 3. cxd5 Qxd5 4. Nc3 Qh5 5. h3 c6 6. Nf3 e6 7. a3 Be7 8. e4
Qa5 9. Bd3 O-O 10. O-O h6 11. Bf4 Nbd7 12. Qc2 Nh5 13. Bh2 f5 14. b4 Qd8 15.
exf5 exf5 16. Bxf5 Rxf5 17. Qxf5 Ndf6 18. Qe5 g6 19. Rad1 a5 20. d5 axb4 21. d6
Bf8 22. axb4 Kf7 23. Rfe1 Bd7 24. Qe3 Ra3 25. Qd4 Bg7 26. Ne5+ Kg8 27. g4 Nxg4
28. hxg4 Nf6 29. Qc4+ Kh7 30. Qd3 Nxg4 31. Qxg6+ Kh8 32. Nf7+ 1-0